000 00571nam a2200181Ia 4500
005 20250508151913.0
008 008 250505s9999 xx 000 0 eng d
037 _aTextual
040 _aFEDL
_beng
_cFEDL
041 _aeng
_2eng
084 _a372.2412, BAR
_qFEDL
100 _aBaruch Dorothy Walter
_910633
245 0 _aParents and children go to school : Adventuring in nursery school and kindergarten
260 _aChicago, USA
_bForesman and Company
_c1939
300 _axiv,504p.
942 _cTEXL
_h372.2412, BAR
999 _c1332841
_d1332841